000 00376nam a2200157Ia 4500
001 36100
003 IN-NITTTR
005 20251114233438.0
008 251113s9999||||xx |||||||||||||| ||eng||
040 _beng
040 _cIN-NITTTR
041 _aeng
082 _a621.317 R263M
245 0 _aMicrogrid :
_b Operation, control, Monitoring and protection /
942 _2ddc
_cREF
999 _c35761
_d35761